| 000 | 00912nam a2200229 a 4500 | ||
|---|---|---|---|
| 001 | 39024 | ||
| 003 | BD-RjUL | ||
| 005 | 20211209052912.0 | ||
| 008 | 170506s2001 bg |||e |||| 000 0 ben d | ||
| 020 | _cTK. 03.00 | ||
| 035 | _a(BD-RjUL) | ||
| 040 |
_aBD-RjUL _bben _cBD-RjUL _dBD-RjUL |
||
| 041 | _aben | ||
| 082 |
_223 _a891.4409 _bMAJ 2001 |
||
| 100 | 1 |
_aমান্নান , সরকার আবদুল _9120270 |
|
| 245 | 1 | 0 |
_a. জগদীশ গুপ্তের রচনা ও জগৎ / _cসরকার আবদুল মান্নান |
| 260 |
_aকলিকাতা : _bবসুমতি সাহিত্য মন্দির , _c১৯৫৩ [১৩৬০] |
||
| 300 |
_a৪৪৮ পৃ. ; _c২৭ সেমি |
||
| 650 |
_aবাংলা সাহিত্য _9120486 _xসংগ্রহ |
||
| 650 |
_aBengali Literature _9120487 _xCollected Work |
||
| 942 |
_2ddc _cBK |
||
| 999 |
_c39024 _d39024 |
||